ADVANCED ORGANIC CHEMISTRY (PRAT B: REACTION AND SYNTHESIS (Record no. 9233)

MARC details
000 -LEADER
fixed length control field 00936nam a22001457a 4500
003 - CONTROL NUMBER IDENTIFIER
control field SGT
020 ## - INTERNATIONAL STANDARD BOOK NUMBER
International Standard Book Number 9788132204268
082 ## - DEWEY DECIMAL CLASSIFICATION NUMBER
Classification number 547.5, CAR
100 ## - MAIN ENTRY--PERSONAL NAME
Personal name CAREY A. FRANCIS
245 ## - TITLE STATEMENT
Title ADVANCED ORGANIC CHEMISTRY (PRAT B: REACTION AND SYNTHESIS
250 ## - EDITION STATEMENT
Edition statement 5TH
260 ## - PUBLICATION, DISTRIBUTION, ETC. (IMPRINT)
Place of publication, distribution, etc NEW DELHI
Name of publisher, distributor, etc SPRINGER
653 ## - KEYWORDS--INDEX TERM
Keyword term Alkylation of Enolates and Other Carbon Nucleophiles, Reactions of Carbon Nucleophiles with Carbonyl Compounds, Functional Group Interconversion by Substitution, Including Protection and Deprotection, Electrophilic Additions to Carbon-Carbon Multiple Bonds, Reduction of Carbon-Carbon Multiple Bonds, Carbonyl Groups, and Other Functional Groups, Concerted Cycloadditions, Unimolecular Rearrangements, and Thermal Eliminations, Organometallic Compounds of Group I and II Metals, Reactions Involving Transition Metals, Aromatic Substitution Reactions, Oxidations, Multistep Syntheses, Back Matter
942 ## - ADDED ENTRY ELEMENTS (KOHA)
Source of classification or shelving scheme Dewey Decimal Classification
Koha item type FPS Books
942 ## - ADDED ENTRY ELEMENTS (KOHA)
-- 4
Holdings
Withdrawn status Lost status Source of classification or shelving scheme Damaged status Not for loan Home library Current library Shelving location Date acquired Vendor Name Cost, normal purchase price SGTU Bill Number Full call number Accession No. (Barcode) Date last seen Bill Date Koha item type Total Checkouts Date last borrowed
    Dewey Decimal Classification   Not For Loan SGT Science & Social Sciences Library SGT Science & Social Sciences Library Reference Book 25/06/2016 KIRTI PRAKASHAN 995.00 SGTU 3307 547.5, CAR PS1435 25/06/2016 02/12/2015 FPS Books    
    Dewey Decimal Classification     SGT Science & Social Sciences Library SGT Science & Social Sciences Library Text Book 25/06/2016 KIRTI PRAKASHAN 995.00 SGTU 3307 547.5, CAR PS1436 10/11/2023 02/12/2015 FPS Books 4 31/10/2023